000 00983cab a2200253 4500
001 ABS55157
008 090401t1996 xxu||||| |||| 00| 0 eng d
035 _a(Sirsi) u14570
041 _aeng
110 _aEnglish Nature
_93309
245 _aAre you set in your ways or is there a sett in the way?
260 _c1996
350 _a0
490 _aStructural Survey
_v14(1) 1996, 38-40(2)
520 _aSummarises the main points from "Badgers - guidelines for developers", produced by English Nature which outlines animal and environmental protection issues relating to badgers and their setts. Argues that land development professionals need to be aware of these issues as badgers are a protected species under the Protection of Badgers Act 1992.
650 _aANIMAL PROTECTION
650 _aBADGERS
650 _aGUIDELINES
650 _aLAND DEVELOPMENT
650 _aPROTECTION OF BADGERS ACT 1992
690 _aCONSERVATION
942 _n0
948 _c04/03/1997
999 _c9506
_d9506